| 000 | 00363nam a22001337a 4500 | ||
|---|---|---|---|
| 082 |
_a530.412 _bbal _cL-6 , P-78 |
||
| 100 |
_aBali, R.N, _939864 |
||
| 245 |
_aProperties of matter _cBali, R.N, |
||
| 250 | _a6th ed. | ||
| 260 |
_adelhi _bram lal pury _cc1959, |
||
| 300 |
_a277 p. : _bill. : _c18 cm. |
||
| 526 |
_a0 _b0 _c0 _d530_412000000000000_BAL |
||
| 942 |
_2ddc _cBK |
||
| 999 |
_c544278 _d544278 |
||